|
|
|
|
| LEADER |
01444cam a2200313 a 4500 |
| 001 |
c000262138 |
| 003 |
CARM |
| 005 |
20070612090117.0 |
| 008 |
900724s1990 nyua 100 0 eng |
| 010 |
|
|
|a 90177935
|
| 019 |
1 |
|
|a 7485326
|5 LACONCORD2021
|
| 020 |
|
|
|a 0791804739
|
| 035 |
|
|
|a (OCoLC)22209230
|5 LACONCORD2021
|
| 040 |
|
|
|a DLC
|b eng
|c DLC
|d LC
|
| 050 |
0 |
0 |
|a TA357
|b .E55 1986
|
| 082 |
0 |
0 |
|a 620.1/6
|2 20
|
| 111 |
2 |
|
|a Engineering Fluid Mechanics Workshop
|d (1986 :
|c Savannah, Ga.)
|
| 245 |
1 |
0 |
|a Engineering Fluid Mechanics Workshop report /
|c sponsored by the Center for Research and Technology Development ; supported by the National Science Foundation, Fluid Mechanics/Hydraulics Program ; edited and prepared by Norman Brooks ... [et al.].
|
| 260 |
|
|
|a New York, N.Y. :
|b American Society of Mechanical Engineers,
|c c1990.
|
| 300 |
|
|
|a v, 114 p. :
|b ill. ;
|c 28 cm.
|
| 490 |
1 |
|
|a CRTD ;
|v 16
|
| 650 |
|
0 |
|a Fluid mechanics
|v Congresses.
|
| 700 |
1 |
|
|a Brooks, Norman H.
|
| 710 |
2 |
|
|a American Society of Mechanical Engineers.
|b Center for Research and Technology Development
|
| 710 |
2 |
|
|a National Science Foundation (U.S.).
|b Fluid Mechanics/Hydraulics Program
|
| 830 |
|
0 |
|a CRTD (Series) ;
|v 16.
|
| 852 |
8 |
|
|b CARM
|h A1:AP32D0
|i F02158
|p 0375393
|f BK
|
| 999 |
f |
f |
|i bdc967f1-be25-5d15-8196-4c7d235c41fe
|s e5ed06d1-7a00-5fe8-bf92-73fd651ec595
|
| 952 |
f |
f |
|p Can circulate
|a CAVAL
|b CAVAL
|c CAVAL
|d CARM 1 Store
|e F02158
|f A1:AP32D0
|h Other scheme
|i book
|m 0375393
|